Ingeniería de fundaciones: fundamentos e introducción al análisis geotécnico (Registro nro. 321677)
[ vista simple ]
| 001 - NÚMERO DE CONTROL | |
|---|---|
| campo de control | 874740 |
| 005 - FECHA Y HORA DE LA ÚLTIMA TRANSACCIÓN | |
| campo de control | 20260506152722.0 |
| 008 - DATOS DE LONGITUD FIJA--INFORMACIÓN GENERAL | |
| campo de control de longitud fija | 040525s1996 spa |
| 020 ## - NÚMERO INTERNACIONAL ESTÁNDAR DEL LIBRO | |
| Número Internacional Estándar del Libro | 9589574297 |
| 035 ## - NÚMERO DE CONTROL DEL SISTEMA | |
| Número de control de sistema | 874740 |
| 035 ## - NÚMERO DE CONTROL DEL SISTEMA | |
| Número de control de sistema | (OCoLC)647817724 |
| 040 ## - FUENTE DE LA CATALOGACIÓN | |
| Centro/agencia transcriptor | comduadb |
| 041 ## - CÓDIGO DE LENGUA | |
| Código de lengua del texto/banda sonora o título independiente | spa |
| 082 #4 - NÚMERO DE LA CLASIFICACIÓN DECIMAL DEWEY | |
| Número de clasificación | 624 |
| 100 10 - ENTRADA PRINCIPAL--NOMBRE DE PERSONA | |
| Nombre de persona | Delgado Vargas, Manuel |
| Código de función | aut |
| Término indicativo de función/relación | Autor/a |
| 9 (RLIN) | 396550 |
| 245 10 - MENCIÓN DE TÍTULO | |
| Título | Ingeniería de fundaciones: fundamentos e introducción al análisis geotécnico |
| 260 ## - PUBLICACIÓN, DISTRIBUCIÓN, ETC. | |
| Lugar de publicación, distribución, etc. | Bogotá : |
| Nombre del editor, distribuidor, etc. | Escuela Colombiana de Ingeniería Julio Garavito, |
| Fecha de publicación, distribución, etc. | 1996. |
| 300 ## - DESCRIPCIÓN FÍSICA | |
| Extensión | 541 páginas |
| 500 ## - NOTA GENERAL | |
| Nota general | Reimpresiones 1999, 2001, 2002, 2005. |
| 650 ## - PUNTO DE ACCESO ADICIONAL DE MATERIA--TÉRMINO DE MATERIA | |
| Término de materia o nombre geográfico como elemento de entrada | Fundaciones |
| 9 (RLIN) | 82206 |
| 650 ## - PUNTO DE ACCESO ADICIONAL DE MATERIA--TÉRMINO DE MATERIA | |
| Término de materia o nombre geográfico como elemento de entrada | Geotécnica |
| 9 (RLIN) | 64653 |
| 650 #7 - PUNTO DE ACCESO ADICIONAL DE MATERIA--TÉRMINO DE MATERIA | |
| Término de materia o nombre geográfico como elemento de entrada | Cimentaciones |
| Fuente del encabezamiento o término | lemb |
| 9 (RLIN) | 24784 |
| 650 ## - PUNTO DE ACCESO ADICIONAL DE MATERIA--TÉRMINO DE MATERIA | |
| Término de materia o nombre geográfico como elemento de entrada | Consolidación del suelo |
| 9 (RLIN) | 36947 |
| 650 ## - PUNTO DE ACCESO ADICIONAL DE MATERIA--TÉRMINO DE MATERIA | |
| Término de materia o nombre geográfico como elemento de entrada | Pilotes (Ingeniería civil) |
| 9 (RLIN) | 44 |
| 942 ## - ELEMENTOS DE ENTRADA AGREGADA (KOHA) | |
| Tipo de ítem Koha | Libros |
| Estado de retiro | Estado de pérdida | Estado dañado | No para préstamo | Código de colección | Localización permanente | Ubicación/localización actual | Fecha de adquisición | Fuente de adquisición | Coste, precio normal de compra | Número de inventario | Total de préstamos | Signatura topográfica completa | Código de barras | Fecha visto por última vez | Número de copia | Precio válido a partir de | Tipo de ítem Koha |
|---|---|---|---|---|---|---|---|---|---|---|---|---|---|---|---|---|---|
| Colección General Piso 2 | Biblioteca Carlos Gaviria Díaz, Campus Medellín | Biblioteca Carlos Gaviria Díaz, Campus Medellín | 25/05/2004 | Librería Científica | 69000.00 | C827165 | 624.151 D352 | 61000004931103 | 25/04/2023 | 1 | 25/04/2023 | Libros | |||||
| Colección General Piso 2 | Biblioteca Carlos Gaviria Díaz, Campus Medellín | Biblioteca Carlos Gaviria Díaz, Campus Medellín | 01/09/2006 | Librería Nacional | 76410.00 | C918310 | 624.151 D352 e2 | 0570761 | 25/04/2023 | 2 | 25/04/2023 | Libros | |||||
| Colección General | Centro Documentación Ingeniería (Bl. 20-146) | Centro Documentación Ingeniería (Bl. 20-146) | 15/06/2018 | C1287532 | BG 02609 | 790679 | 29/01/2025 | 3 | 25/04/2023 | Libros |